000 00357nam a22001337a 4500
005 20260319150311.0
008 260319b |||||||| |||| 00| 0 eng d
040 _cFLL
041 _2eng
_aeng
100 _aSonker, Lakshay
_91132571
245 _aSocial Media and Hate Speech in Context of India
260 _aDU
_bFaculty of Law
_c2023
942 _2CC
_cDIS
999 _c1715784
_d1715784